000 00562npc a2200205Ia 4500
001 IST297-52179
003 IT-MiCISF
008 161014s9999||||xx | und||
040 _aIT-MiCISF
_cIT-MiCISF
041 _ait
100 _aAA.VV.
245 0 _aIndicatori demografici
_bStime per l'anno 2013
250 _a1a ed.
260 _a Roma
_bIstat
_c2014
300 _app. 13
500 _aIstituto Nazionale di Statistica / popolazione, situazione-demografica, fecondità /
650 _apopolazione
942 _cDD
957 _71
999 _a52179
_bsi
_g1
_c206175
_d206175